| 000 | 01228pam a22003254i 4500 | ||
|---|---|---|---|
| 001 | 374672 | ||
| 003 | OSt | ||
| 005 | 20140310182256.0 | ||
| 008 | 780502s1978 nyu j 000 1 eng | ||
| 010 | _a 78009648 | ||
| 020 | _a9780312368562 | ||
| 020 | _a0312368569 | ||
| 040 |
_aDLC _cDLC _dDLC |
||
| 042 | _alcac | ||
| 050 | 0 | 0 |
_aPZ 7 _b.L5385Sw 1978 |
| 082 | 0 | 0 |
_aFIC L54s _b1978 |
| 100 | 1 |
_aL'Engle, Madeleine. _96070 |
|
| 245 | 1 | 2 |
_aA swiftly tilting planet / _cMadeleine L'Engle. |
| 260 |
_aNew York : _bSquare Fish/Farrar, Straus and Giroux, _cc1978. |
||
| 300 |
_a278 p. ; _c22 cm. |
||
| 520 | _aThe youngest of the Murry children must travel through time and space in a battle against an evil dictator who would destroy the entire universe. | ||
| 650 | 1 | _aScience fiction. | |
| 856 | 4 | 2 |
_3Publisher description _uhttp://www.loc.gov/catdir/description/hol054/78009648.html |
| 856 | 4 | 2 |
_3Contributor biographical information _uhttp://www.loc.gov/catdir/enhancements/fy0828/78009648-b.html |
| 856 | 4 | 1 |
_3Sample text _uhttp://www.loc.gov/catdir/enhancements/fy0917/78009648-s.html |
| 906 |
_a7 _bcbc _corignew _d1 _eocip _f19 _gy-gencatlg |
||
| 942 |
_2lcc _cBK-FIC |
||
| 999 |
_c11478 _d11478 |
||